00315nam a2200097Ia 4500008004100000041000800041100002700049245008900076260003300165999001900198241105s9999 xx 000 0 und d aeng aKhatod Namrata9182676 aSite Planning And Landscape Development For Winery And Associated Vineyard In Nashik bM Arch Landscape, Punec2014 c360967d360967